Analýza cyklov pri pôsobení vládneho sektora
Analýza cyklického vlnenia jednotlivých premenných modelu pri využití znalosti diferenčných rovníc. Skúmanie zmien v správaní cyklov premenných modelu a ich konvergencie k rovnováhe. Predpokladá sa, že vládny sektor ovplyvňuje ekonomický vývoj proticyklicky, pričom autor kladie dôraz na dôležitosť s...
Guardado en:
| Autor principal: | |
|---|---|
| Formato: | Capítulo de libro |
| Lenguaje: | eslovaco |
| Materias: | |
| Etiquetas: |
Sin Etiquetas, Sea el primero en etiquetar este registro!
|
MARC
| LEADER | 00000nla a2200000 4500 | ||
|---|---|---|---|
| 001 | 0164390 | ||
| 005 | 20240502072852.6 | ||
| 041 | 0 | |a slo | |
| 044 | |a SK | ||
| 245 | 1 | 0 | |a Analýza cyklov pri pôsobení vládneho sektora |c Martin Feješ |
| 520 | |a Analýza cyklického vlnenia jednotlivých premenných modelu pri využití znalosti diferenčných rovníc. Skúmanie zmien v správaní cyklov premenných modelu a ich konvergencie k rovnováhe. Predpokladá sa, že vládny sektor ovplyvňuje ekonomický vývoj proticyklicky, pričom autor kladie dôraz na dôležitosť správneho načasovania politiky. Oneskorené proticyklické opatrenia zo strany vlády (resp. výdavky vlády) môžu mať nežiaduce dôsledky pre ekonomický cyklus a ekonomickú rovnováhu. | ||
| 610 | 2 | 0 | |a vývoj hospodársky |
| 610 | 2 | 0 | |a cykly hospodárske |
| 610 | 2 | 0 | |a vláda |
| 610 | 2 | 0 | |a výdavky |
| 610 | 2 | 0 | |a výdavky rozpočtu štátneho |
| 610 | 2 | 0 | |a rovnováha hospodárska |
| 610 | 2 | 0 | |a modely |
| 610 | 2 | 0 | |a rovnice diferenciálne |
| 100 | 1 | |a Feješ, Martin | |